| 000 | 01523cam a22003375a 4500 | ||
|---|---|---|---|
| 001 | 14648447 | ||
| 005 | 20161027113022.0 | ||
| 008 | 061128r20092007enka frb 001 0 eng d | ||
| 010 | _a 2006039494 | ||
| 020 | _a9780415410694 (pbk. : alk. paper) | ||
| 020 | _a1137389761 (pbk. : alk. paper) | ||
| 040 |
_aDLC _beng _cDLC _dDLC _dEG-ScBUE |
||
| 082 | 0 | 4 |
_222 _a324.73 _bMCN |
| 100 | 1 |
_aMcNair, Brian, _d1959- _928867 |
|
| 245 | 1 | 3 |
_aAn introduction to political communication / _cBrian McNair. |
| 250 | _a4th ed. | ||
| 260 |
_aOxford ; _aNew York : _bRoutledge / Taylor & Francis Group, _c2009. |
||
| 300 |
_axvii, 222 p. : _bill. ; _c24 cm. |
||
| 490 | 0 | _aCommunication and society | |
| 500 | _aIndex : p. 218-222. | ||
| 500 | _aFirst published : Routledge, 2015. | ||
| 504 | _aBibliography : p. 210-217. | ||
| 505 | 0 | _aPolitics in the age of mediation -- Politics, democracy and the media -- The effects of political communication -- The political media -- The media as political actors -- Party political communication I : advertising -- Party political communication II : political public relations -- Pressure-group politics and the oxygen of publicity -- International political communication. | |
| 590 | _aWessam | ||
| 650 | 7 |
_aCommunication in politics. _2BUEsh _939811 |
|
| 650 | 7 |
_aMass media _928561 _xPolitical aspects. |
|
| 651 | _2BUEsh | ||
| 653 |
_bBUSBOL _cOctober2016 |
||
| 856 | 4 | 1 |
_3Table of contents only _uhttp://www.loc.gov/catdir/toc/ecip076/2006039494.html |
| 942 |
_2ddc _e22 _k324.73 MCN |
||
| 999 |
_c22877 _d22849 |
||